000 01176nam a2200385 b 4500
001 0000608
003 DO-SdBNP
005 20180123092851.0
007 0000608
008 050617 1999 sp spa
017 _a
_b
020 _a8481302198
035 _a
040 _aBPMSU
_bspa
_cBPMSU
_e
082 _a896.342
_bS243vi
100 1 _aSaramago, José,
_d1922-2010
240 1 0 _aViagem a Portugal
_k
_lEspañol
245 1 0 _aViaje a Portugal /
_h
_cJosé Saramago ; traducción Basilio Losada ; prólogo Claudio Magris
260 _aMadrid :
_bUnidad editorial,
_c1999.
300 _a413 p. :
_c21 cm
490 1 _aMillenium/ las 100 joyas del milenio
_v98
490 1 _aBiblioteca el mundo
500 _aIncluye notas.
500 _aIncluye índice
586 _aPremio Nobel de Literatura 1998.
650 _aNOVELA PORTUGUESA
650 _aLITERATURA PORTUGUESA
700 1 2 _aLosada, Basilio,
_etr.
700 1 2 _aMagris, Claudio
_epról.
830 0 _aMillenium/ las 100 joyas del milenio
_n98
830 0 _aBiblioteca el mundo
942 _2ddc
_cBK
945 _aInventariado extranjero / 2018 VM
956 _aYLOCKWARD
_b10
_dBPMSU
_f00144
999 _c11140
_d11140